| 000 | 00510nam a2200181Ia 4500 | ||
|---|---|---|---|
| 005 | 20250508153310.0 | ||
| 008 | 008 250505s9999 xx 000 0 eng d | ||
| 037 | _aTextual | ||
| 040 |
_aFEDL _beng _cFEDL |
||
| 041 |
_aeng _2eng |
||
| 084 |
_a377.8, LOW _qFEDL |
||
| 100 |
_aLowry Howard _9763644 |
||
| 245 | 0 | _aMind's adventure: Religion and higher education | |
| 260 |
_aPhiladelphia _bThe Westminster Press |
||
| 300 | _a154p. | ||
| 942 |
_cTEXL _h377.8, LOW |
||
| 999 |
_c1341838 _d1341838 |
||